[Event "Eastern Asia-ch U12"]
[Site "Tornelo INT"]
[Date "2021.10.30"]
[Round "4"]
[White "Abhinav, Singh"]
[Black "Garimella, Srivallabhaditya"]
[Result "0-1"]
[WhiteElo "1140"]
[BlackElo "1384"]
[PlyCount "68"]
[EventDate "2021.10.29"]
[EventType "swiss"]
[EventRounds "9"]
[EventCountry "NET"]
[SourceTitle "EXT 2023"]
[Source "ChessBase"]
[SourceDate "2022.10.05"]
[SourceVersion "1"]
[SourceVersionDate "2022.10.05"]
[SourceQuality "1"]

1. e4 c5 2. Nf3 g6 3. d4 cxd4 4. Nxd4 Nc6 5. Nc3 Bg7 6. Be3 Nf6 7. Be2 0-0 8. 0-0 d6 9. h3 Be6 10. Nxe6 fxe6 11. Bc4 Qd7 12. f4 Na5 13. Bb5 Qd8 14. Qe2 a6 15. Bd3 d5 16. e5 d4 17. exf6 Bxf6 18. Bxd4 Bxd4+ 19. Kh1 Qd6 20. Ne4 Qb6 21. c3 Be3 22. g3 Rf7 23. Rf3 Bc5 24. Nxc5 Qxc5 25. b4 Qxc3 26. Re1 Qxb4 27. Qxe6 Rd8 28. f5 Rd6 29. Qe5 Nc6 30. Qe3 Rxd3 31. Qxd3 Qxe1+ 32. Rf1 Qe5 33. g4 Nd4 34. Qc4 Qe4+ 0-1